Harry Potter Créatures - Statistiques

Statistiques générales
  • Ce quiz a été pris 96 fois
  • Le résultat moyen est 12 sur 24
Statistiques - réponses
Hint Réponse % Correct
4 Centaure
77%
13 Hippogriffe
73%
7 Dragon
72%
14 Licorne
71%
2 Basilic
69%
8 Elfe de maison
63%
15 Loup-Garou
63%
19 Sirène
60%
10 Géant
59%
12 Gobelin
57%
17 Phénix
57%
20 Sombral
53%
1 Acromentule
51%
24 Troll
51%
6 Détraqueur
48%
22 Strangulot
45%
3 Botruc
44%
5 Chien à trois têtes
43%
11 Gnome
32%
9 Epouvantard
31%
21 Sphinx
25%
16 Manticore
11%
23 Triton
11%
18 Sinistros
8%
Aucun quiz correspondant
Distribution des résultats
% des personnes avec chaque résultat
Percentile par nombre de réponses
Votre historique - résultats
Vous n’avez pas pris ce quiz